000 00519nam a22002057a 4500
003 LK-CoMWRAF
005 20231020001416.0
008 231020b |||||||| |||| 00| 0 eng d
020 _a0140062580
040 _aLK-CoMWRAF
_dLK-CoMWRAF
_eLK-CoMWRAF
041 _aeng
082 _a823
_bNAR
100 _aNarayan R. K.
245 _aThe Vendor of sweets
260 _aHarmondsworth :
_bPenguin,
_c1983
300 _a140p. ; 20cm.
650 _aEnglish Fiction
650 _aIndian Fiction--English
942 _cBK
999 _c3954
_d3954